Países en inglés - Estadísticas

Estadísticas generales
  • Esta prueba ha sido intentada 3.691 veces
    3.574 desde el último reinicio
  • La puntuación promedio es 20 de 21
Estadísticas de respuestas
Inglés Español % Correcto
Germany Alemania
100%
Dominican Republic República Dominicana
100%
South Africa Sudáfrica
99%
Slovakia Eslovaquia
98%
Netherlands Países Bajos
98%
Sweden Suecia
98%
United Kingdom Reino Unido
97%
Morocco Marruecos
96%
Norway Noruega
96%
New Zealand Nueva Zelanda
96%
Switzerland Suiza
96%
Cambodia Camboya
94%
Lebanon Líbano
94%
Cyprus Chipre
93%
Algeria Argelia
92%
Kyrgyzstan Kirguistán
88%
Mauritius Mauricio
88%
Bahrain Baréin
87%
Ivory Coast Costa de Marfil
85%
Latvia Letonia
85%
Djibouti Yibuti
78%
No se encontraron pruebas coincidentes
Distribución de puntuación
Porcentaje de gente con cada puntuación
Porcentaje por número respondido
Historial de tus puntuaciones
No has intentado esta prueba desde el último reinicio